00368pab a2200133 454500008004000000100002000040245006200060260000900122300001300131362001200144650002200156650001000178773004600188180718b2004 xxu||||| |||| 00| 0 eng d aRogers, John D. aCaste as a social category and identity in colonial Lanka c2004 ap.51-77. aJan-Mar aCaste - Sri Lanka aCaste aIndian Economic and Social History Review